| 000 | 00588nam a22001457a 4500 | ||
|---|---|---|---|
| 008 | 230428b |||||||| |||| 00| 0 eng d | ||
| 040 |
_aNational Science Library _cNational Science Library |
||
| 080 | _a539(05) | ||
| 245 |
_aNuclear physics and soild state physics symposium _c/ Proceedings of the nuclear physics and solid state physics symposium 1969 University of Roorkee, 28-31 December, 1969 |
||
| 260 |
_aIndia: _bDepartment of Atomic Energy, _c1969 |
||
| 300 | _aviii, 441p. | ||
| 500 | _aVol. II Nuclear physics (Contributed papers) | ||
| 650 | _aProceedings | ||
| 942 |
_2udc _cPR |
||
| 999 |
_c24545 _d24545 |
||